Delitos contra la función pública.

Spremljeno u:
Bibliografski detalji
Glavni autor: Rodríguez Collao, Luis Ramón (autor)
Daljnji autori: Ossandón Widow, María Magdalena (autora), Oliver Calderón, Guillermo Ramiro (colaborador), Rivera Castro, Juan Francisco (colaborador), Agliati Vásquez, Gonzalo (ayudante de investigación), Salas Donoso, Pablo (ayudante de investigación), Silva Salse, Manuel (ayudante de investigación), Torres Sandoval, Javiera (ayudante de investigación)
Format: Nepoznato
Jezik:engleski
Izdano: Santiago, Chile: Jurídica de Chile, 2021
Izdanje:Tercera edición actualizada.
Teme:
Oznake: Dodaj oznaku
Bez oznaka, Budi prvi tko označuje ovaj zapis!

MARC

LEADER 00000 a2200000 4500
003 CL-VaPUC
005 20250303145107.0
008 211102b2021 ||||| |||| 00| 0 eng d
999 |c 433856  |d 433854 
020 |a 9789561026063 
040 |c Pontificia Universidad Católica de Valparaíso 
082 |a 364.1323 ROD 2021 
100 |a Rodríguez Collao, Luis Ramón  |e autor  |9 737987 
245 1 |a Delitos contra la función pública. 
250 |a Tercera edición actualizada. 
260 |a Santiago, Chile:  |b Jurídica de Chile,  |c 2021 
300 |a 603 páginas  
583 |k Cristina María Rojas Aguilar  |c 20211102 
650 0 |a Función pública  |9 343165 
650 0 |a Corrupción administrativa  |9 495722 
650 0 |a Corrupción política  |9 376572 
650 0 |a Funcionarios públicos  |9 405107 
700 |a Ossandón Widow, María Magdalena  |e autora  |9 864069 
700 |a Oliver Calderón, Guillermo Ramiro  |e colaborador  |9 864070 
700 |a Rivera Castro, Juan Francisco  |e colaborador  |9 896054 
700 |a Agliati Vásquez, Gonzalo  |e ayudante de investigación   |9 864071 
700 |a Salas Donoso, Pablo  |e ayudante de investigación   |9 864072 
700 |a Silva Salse, Manuel  |e ayudante de investigación   |9 864073 
700 |a Torres Sandoval, Javiera  |e ayudante de investigación   |9 864074 
942 |2 ddc  |c BK 
952 |0 0  |1 0  |2 ddc  |4 0  |6 364_132300000000000_ROD_2021  |7 0  |8 A  |9 579136  |a BIBDER  |b BIBDER  |d 2021-11-02  |e 22  |g 55000.00  |i 5625033  |l 23  |m 7  |o 364.1323 ROD 2021  |p 5625033  |r 2024-10-18  |s 2024-10-03  |t 1  |v 55000.00  |w 2021-11-02  |y BK  |k DER 
952 |0 0  |1 0  |2 ddc  |4 0  |6 364_132300000000000_ROD_2021  |7 0  |8 A  |9 586435  |a BIBDER  |b BIBDER  |c GEN  |d 2022-08-26  |e 22  |g 51000.00  |i 5654432  |l 17  |m 1  |o 364.1323 ROD 2021  |p 5654432  |r 2024-09-30  |s 2024-09-23  |t 3  |v 51000.00  |w 2022-08-26  |y BK  |k DER 
952 |0 0  |1 0  |2 ddc  |4 0  |6 364_132300000000000_ROD_2021  |7 0  |8 A  |9 586436  |a BIBDER  |b BIBDER  |c GEN  |d 2022-08-26  |e 22  |g 51000.00  |i 5654431  |l 19  |m 3  |o 364.1323 ROD 2021  |p 5654431  |q 2025-05-16  |r 2025-05-09  |s 2025-05-09  |t 2  |v 51000.00  |w 2022-08-26  |y BK  |k DER